000 01132am a2200361a 44500
003 AR-BaBNM
005 20251128210736.0
008 131020s1997 #AR|||||||||||000 | spa||
020 _a950-808-173-2
040 _cAR-BaBNM
245 1 0 _aCuestiones de didáctica de la matemática
_bconceptos y procedimientos en la educación polimodal y superior
260 _aRosario
_bHomo Sapiens Ediciones
_c1997
300 _a147 p.
_btablas
490 0 _aEducación
500 _aContiene referencias bibliográficas
600 1 4 _aVigotsky, Liev Semionovich
650 4 _aENSEÑANZA DE LAS MATEMATICAS
650 4 _aPROCESO COGNOSCITIVO
650 4 _aFORMACION DE CONCEPTOS
650 4 _aPSICOLOGIA DE LA EDUCACION
650 4 _aSOLUCION DE PROBLEMAS
651 4 _aCuba
653 _aEDUCACION POLIMODAL
653 _aEDUCACION SUPERIOR
653 _aMETACOGNICION
700 1 _aHernández Fernández, Herminda
700 1 _aDelgado Rubí, Juan Raúl
700 1 _aFernández de Alaíza, Bertha
700 1 _aValverde Ramírez, Lourdes
700 1 _aRodríguez Hung, Teresa
942 _cBK
998 _cRAQUEL
999 _c16694
_d16694